01258nmc a2200337 a 4500003000900000005001700009008004100026040001300067100002900080245009200109260004900201300002800250490003900278500005700317521001500374650002300389650002500412650003900437653002600476653002500502653001400527653002400541700004100565710006300606710006400669710004100733942000700774998001400781999001700795952010800812AR-BaBNM20251128211443.0274020s[200 ||||||||||||||000 | spa|| cAR-BaBNM1 aFlores, Federico Eduardo10aHistoria y geografíabárea de las ciencias sociales y humanísticas : 2º ciclon3 aBuenos AiresbGendarmería Nacionalc[2000] a135 p.bgráfs., mapas 0aBachiller a distancia para adultos aLas autorías han sido tomados del dorso de portada aSECUNDARIO 4aHISTORIA ARGENTINA 4aEDUCACION DE ADULTOS 4aENSENANZA DE LAS CIENCIAS SOCIALES aEDUCACION A DISTANCIA aEDUCACION SECUNDARIA aBACHILLER aGEOGRAFIA ARGENTINA aMuga, María Alejandraecoordinador1 aUniversidad Nacional de CatamarcabFacultad de Humanidades1 aArgentinabGendarmeríabCentro de Educación a Distancia1 aFundación Centinela [Buenos Aires] cBK calexandra c19756d19756 00102ddc405171aLPLbLPLd2025-11-28l0o374.7 UNC 3.2p135299r2025-11-28 21:14:43w2025-11-28yBK